000 00527nam a2200181Ia 4500
008 240925s9999 xx 000 0 und d
020 _a9789332543515
082 _a006.3 RUS
100 _aRussel, Stuart J.; Norving, Peter
245 0 _aArtificial Intelligence: a modern approach
250 _a3rd
260 _aNew Delhi:
_bPearson Education
_c,2015.
300 _a769p.
_b0
_fOriginal
500 _aIncludes Index
600 _aComputer Science
650 _aComputer science, information & general works
942 _cBK
999 _c13553
_d13553